Personnalités au hasard #19 - Statistiques

Statistiques générales
  • Ce quiz a été pris 361 fois
  • Le résultat moyen est 11 sur 32
Statistiques - réponses
Par images Réponse % Correct
Adolf Hitler
99%
Vianney
94%
Yannick Noah
83%
Harry de Sussex
82%
Simone Veil
79%
Michael Schumacher
66%
Alexandra Lamy
65%
Julia Roberts
65%
Natasha St-Pier
54%
Pamela Anderson
52%
Gal Gadot
42%
Matthew Perry
42%
Yseult
40%
Norbert Tarayre
33%
Andy Warhol
28%
Enrique Iglesias
27%
Zaho
27%
Lino Ventura
26%
Nawell Madani
22%
Gérard Lenorman
20%
Kanoé
20%
Andrea Bocelli
13%
Anny Duperey
13%
Clément Beaune
10%
Kim Ji-soo
10%
Alexandria Ocasio-Cortez
9%
Lily Allen
7%
Anne-Aymone Giscard d'Estaing
5%
Pierre de Coubertin
5%
Queen Latifah
4%
Salhia Brakhlia
3%
ElGrandeToto
2%
Aucun quiz correspondant
Distribution des résultats
% des personnes avec chaque résultat
Percentile par nombre de réponses
Votre historique - résultats
Vous n’avez pas pris ce quiz